Inventarizácia peňažných prostriedkov v hotovosti bakalárska práca

Salvato in:
Dettagli Bibliografici
Autore principale: Lajchová, Vanessa
Ente Autore: Fakulta hospodárskej informatiky EU. Katedra účtovníctva a audítorstva
Altri autori: Tomanicová, Viera
Natura: Libro
Lingua:slovacco
Pubblicazione: Bratislava 2016
Tags: Aggiungi Tag
Nessun Tag, puoi essere il primo ad aggiungerne!!

MARC

LEADER 00000nbm a2200000 4500
001 0219126
005 20240903101536.9
041 0 |a slo 
044 |a SK 
245 1 0 |a Inventarizácia peňažných prostriedkov v hotovosti  |b bakalárska práca  |c Vanessa Lajchová ; školiteľ: Viera Tomanicová 
264 1 |a Bratislava  |c 2016 
300 |a 44 s. 
100 1 |a Lajchová, Vanessa 
700 1 |a Tomanicová, Viera 
710 2 |a Fakulta hospodárskej informatiky EU. Katedra účtovníctva a audítorstva